| 000 | 00000nas 2200000zi 4500 |
| 001 | 9.902694 |
| 003 | CaOODSP |
| 005 | 20250103113040 |
| 006 | m o d f |
| 007 | cr ||||||||||| |
| 008 | 210819d20212022oncar p o f0 a0eng|d |
| 022 | |a2564-2197 |
| 040 | |aCaOODSP|beng|erda|cCaOODSP |
| 043 | |an-cn--- |
| 086 | 1 |aRv1-41E-PDF |
| 110 | 2 |aCanada Revenue Agency.|eauthor, |eissuing body. |
| 222 | 0|aCanada Revenue Agency's ... departmental sustainable development strategy year-end report |
| 245 | 10|aCanada Revenue Agency's ... departmental sustainable development strategy year-end report. |
| 264 | 1|a[Ottawa] : |bCanada Revenue Agency = Agence du revenu du Canada, |c[2021-2022] |
| 310 | |aAnnual |
| 336 | |atext|btxt|2rdacontent |
| 337 | |acomputer|bc|2rdamedia |
| 338 | |aonline resource|bcr|2rdacarrier |
| 362 | 1 |aBegan with 2020/2021; ceased with 2021/2022. |
| 500 | |aIssued also in French under title: Rapport du fin d'année sur la stratégie ministérielle de développement durable de ... de l'Agence du revenu du Canada. |
| 580 | |aMerged with: Canada Revenue Agency's ... departmental sustainable development strategy interim report, to become: … departmental sustainable development strategy report. |
| 588 | |aDescription based on: 2020/2021. |
| 588 | |aLatest issue consulted: 2020/2021. |
| 610 | 20|aCanada Revenue Agency|vPeriodicals. |
| 650 | 0|aSustainable development|zCanada|vPeriodicals. |
| 655 | 7|aPeriodicals|2lcgft |
| 775 | 08|tRapport du fin d'année sur la Stratégie ministérielle de développement durable de ... de l'Agence du revenu du Canada.|w(CaOODSP)9.902695 |
| 785 | 00|t... departmental sustainable development strategy report / |w(CaOODSP)9.942570 |